00573nam a22001697a 4500003001100000008004100011040003900052041000800091082001600099111008500115245002700200260005100227300003900278650004400317650001800361650002400379LK-CoMWRAF240624b2004 |||||||| |||| 00| 0 eng d aLK-CoMWRAFdLK-CoMWRAFeLK-CoMWRAF aeng a305.42bWOM a NINTH NATIONAL CONVENTION ON WOMEN'S STUDIESc ( Colombo, d20-23rd March 2004) aSESSION II:bEducation aColombo: bCentre for Women's Research, c2004 aVarious pg.bBibliography included a WOMEN'S STUDIES- Sri Lanka- Congresses aGender equity aGender and language